000 00460nam a2200193Ia 4500
005 20240823045228.0
008 240823s9999||||xx |||||||||||||| ||und||
041 _aENGLISH
082 _A420 P8
100 _aArulmurugan S
245 0 _aTechnical English workbook- II
250 _a6th
260 _c2008
_bSri Krishna Publi
_aChennai
500 _aTRANSFERED
650 _aEnglish
_bEnglish
700 _a Nagarajan S
942 _cBK
999 _c214472
_d214472